[Event "Budapest Spring Festival 2019"]
[Site "Budapest"]
[Date "2019.04.17"]
[Round "9.35"]
[White "Ashwath, R.."]
[Black "Balogh, David"]
[Result "1-0"]
[WhiteElo "2388"]
[BlackElo "2264"]
[Annotator "TA"]
[PlyCount "65"]
[EventDate "2019.04.09"]
[EventType "swiss"]
[EventCountry "HUN"]
[SourceTitle "playchess.com"]
[Source "ChessBase"]
[SourceQuality "1"]

{[%evp 9,65,49,68,50,70,70,73,67,73,56,115,103,246,239,238,222,243,242,241,239,249,249,238,233,202,212,240,181,237,217,164,186,170,187,224,243,222,235,236,235,398,405,407,385,1199,1193,1172,1142,1805,1726,1747,1721,6379,5497,29989,29990,29992,29993]} 1. d4 c5 2. d5 f5 3. c4 Nf6 4. Nc3 g6 5. h4 (5. Nf3 Bg7 6. g3 O-O 7. Bg2 d6 8. O-O Na6 9. Ng5 Nc7 10. e4 h6 11. Nh3 fxe4 12. Nf4 Bg4 13. Qc2 g5 14. Ne6 Nxe6 15. dxe6 Bxe6 16. Nxe4 Qd7 {1-0 (37) Ladva,O (2423)-Shabalov,A (2522) Berlin 2015}) 5... d6 6. Nh3 {A43: Schmid Benoni} Na6 7. g3 $146 ({Predecessor:} 7. e3 Nc7 8. Be2 Bd7 9. h5 Rb8 10. Ng5 Bg7 11. h6 {1-0 (26) Antova,G (2189)-Kalinowska,Z (1916) Porec 2015}) 7... Bd7 8. Bg2 {White is better.} Nc7 9. e4 a6 (9... Bg7 $14) 10. h5 $16 b5 (10... Nxh5 $16 11. exf5 Nf6) 11. Ng5 $18 {And now hxg6 would win.} Bg7 12. h6 Bf8 13. Qe2 {Threatens to win with e5.} b4 14. Nd1 Nxe4 15. Bxe4 ({But not} 15. Nxe4 $6 fxe4 16. Bg5 (16. Qxe4 e5 $16) (16. Bxe4 Qb8 $16) 16... Qb8) 15... fxe4 16. Qxe4 ({Don't take} 16. Nxe4 $6 Bf5) 16... Bf5 17. Qf3 {Hoping for g4.} e6 18. g4 Be7 19. gxf5 $40 {[%mdl 128] White has strong attack.} Bxg5 20. fxg6 hxg6 21. dxe6 Nxe6 {[#]} 22. Bxg5 $1 Nxg5 23. Qc6+ Kf8 24. Ne3 {[%cal Bd1e3,Be3d5,Bd5b6,Bb6d7][%mdl 32]} Nf7 $2 (24... Rc8 25. Qg2 (25. Qxa6 Nf3+ 26. Kf1 Rh7 $16) 25... Qf6) 25. O-O-O Rc8 26. Qf3 a5 $2 (26... Qe7 27. Qg4 Re8 28. Qxg6 Rg8) 27. Rdg1 g5 28. Qf5 Ra8 29. Nd5 b3 30. a3 Qe8 31. Re1 Qa4 {[#]} 32. Nb6 $1 {[%mdl 576] Double Attack} Qc6 33. Nd7+ {Accuracy: White = 92%, Black = 39%.} 1-0

[Event "Budapest Spring Festival 2019"]
[Site "Budapest"]
[Date "2019.04.17"]
[Round "9.36"]
[White "Lye, Lik Zang"]
[Black "Vegh, Endre"]
[Result "1-0"]
[WhiteElo "2377"]
[BlackElo "2240"]
[Annotator "NA RC"]
[PlyCount "75"]
[EventDate "2019.04.09"]
[EventType "swiss"]
[EventCountry "HUN"]
[SourceTitle "playchess.com"]
[Source "ChessBase"]
[SourceQuality "1"]
[TimeControl "40/5400+30:1800+30"]

1. d4 {[%emt 0:00:03]} e6 {[%emt 0:00:39]} 2. c4 {[%emt 0:00:28]} b6 {[%emt 0:00:23]} 3. Nf3 {[%emt 0:01:03]} Bb7 {[%emt 0:00:44]} 4. g3 {[%emt 0:00:11]} Bb4+ {[%emt 0:00:25]} 5. Bd2 {[%emt 0:00:25]} Bxf3 {[%emt 0:00:55]} 6. exf3 {[%emt 0:00:30]} Bxd2+ {[%emt 0:00:28]} 7. Qxd2 {[%emt 0:00:49]} d5 {[%emt 0:03:52]} 8. Nc3 {[%emt 0:02:45]} Ne7 {[%emt 0:03:28]} 9. cxd5 {[%emt 0:04:49]} Nxd5 {[%emt 0:04:59]} 10. Bd3 {[%emt 0:09:15] A40: Unusual replies to 1 d4} (10. Bg2 Nc6 11. f4 Nce7 12. O-O c6 13. Rac1 O-O 14. Nd1 Qd6 15. Ne3 Rac8 16. Rfd1 Rfd8 17. Qe2 g6 {½-½ (26) Checa,N (2508)-Lenderman,A (2632) Tysons 2018}) 10... c6 {[%emt 0:06:24]} 11. O-O {[%emt 0:04:27]} O-O {[%emt 0:00:58]} 12. Rac1 {[%emt 0:03:53]} Nf6 {[%emt 0:05:40]} 13. f4 $146 {[%emt 0:20:46]} ({Predecessor:} 13. Rfd1 Nbd7 14. Ba6 c5 15. Qe3 cxd4 16. Rxd4 Qe7 17. Be2 Rfd8 {½-½ (67) Pheby,I (2169)-Gaujens,A (2226) ICCF email 2009}) 13... g6 {[%emt 0:02:16]} 14. Be4 {[%emt 0:08:32]} Qd6 {[%emt 0:02:14]} 15. Bf3 {[%emt 0:01:56]} Nbd7 {[%emt 0:02:45]} 16. Rc2 {[%emt 0:04:44]} Rad8 {[%emt 0:03:59]} 17. Rd1 {[%emt 0:04:05]} Nb8 {[%emt 0:04:54]} 18. Qe2 {[%emt 0:05:09]} Rd7 {[%emt 0:05:20]} 19. Qe5 {[%emt 0:04:24]} Qe7 {[%emt 0:00:05]} 20. h4 {[%emt 0:06:28]} h5 {[%emt 0:01:54]} 21. Re2 {[%emt 0:04:14]} Rfd8 {[%emt 0:01:47]} 22. Qg5 {[%emt 0:03:40]} Kh7 {[%emt 0:01:32]} 23. f5 {[%emt 0:02:58]} gxf5 {[%emt 0:01:01]} 24. Rde1 {[%emt 0:00:33]} Rxd4 {[%emt 0:05:57]} 25. Qxf5+ {[%emt 0:00:13]} exf5 {[%emt 0:00:29]} 26. Rxe7 {[%emt 0:00:04]} R8d7 {[%emt 0:04:40]} 27. R7e5 {[%emt 0:01:43]} Kg6 {[%emt 0:07:20] [#]} (27... f4 $14) 28. Ne2 $1 {[%emt 0:01:29]} Rd2 {[%emt 0:00:22]} 29. Nf4+ {[%emt 0:00:31]} Kg7 {[%emt 0:00:36]} 30. Rxf5 {[%emt 0:00:54]} ({Much worse is} 30. Nxh5+ $6 Nxh5 31. Bxh5 Kf6 $11) ({Don't play} 30. Bxh5 $6 Rxb2 {Don't play} 31. Rxf5 $6 Na6 $11) 30... Rxb2 {[%emt 0:00:50] [#]} 31. Rg5+ {[%emt 0:01:37]} ({White should try} 31. Rxf6 $1 $16 {[%mdl 512]} Kxf6 32. Nxh5+ Kg6 33. Re8) 31... Kh6 {[%emt 0:06:43]} 32. Nxh5 {[%emt 0:00:23]} Nxh5 {[%emt 0:05:19]} 33. Re8 {[%emt 0:01:33]} ({Less strong is} 33. Bxh5 Rb5 $16) 33... Nf6 {[%emt 0:02:42]} 34. Rh8+ {[%emt 0:01:04]} Nh7 {[%emt 0:00:06]} 35. Be4 {[%emt 0:00:52]} f6 {[%emt 0:01:45]} 36. Rg6+ {[%emt 0:00:31]} Kh5 {[%emt 0:00:05]} 37. Rhg8 {[%emt 0:00:34]} Ng5 {[%emt 0:07:29]} 38. hxg5 {[%emt 0:00:09]} 1-0

[Event "Budapest Spring Festival 2019"]
[Site "Budapest"]
[Date "2019.04.17"]
[Round "9.37"]
[White "Popovics, Adam"]
[Black "Zentai, Peter"]
[Result "0-1"]
[WhiteElo "2375"]
[BlackElo "2263"]
[Annotator "TA"]
[PlyCount "54"]
[EventDate "2019.04.09"]
[EventType "swiss"]
[EventCountry "HUN"]
[SourceTitle "playchess.com"]
[Source "ChessBase"]
[SourceQuality "1"]

{[%evp 9,54,21,14,-16,10,-24,-31,-22,-22,-21,-9,-26,-15,-28,-17,-132,-133,-140,-62,-73,-57,-165,-173,-173,-173,-174,-156,-196,-177,-341,-342,-303,-264,-257,-257,-265,-266,-260,-239,-370,-298,-1353,-1291,-1319,-544,-556,-540]} 1. Nf3 d5 2. c4 c6 3. e3 Nf6 4. Nc3 e6 5. Qc2 Bd6 6. b3 {A11: English Opening: 1...c6} O-O 7. Bb2 e5 8. cxd5 {Black is slightly better.} cxd5 9. Nb5 Nc6 10. Nxd6 Qxd6 11. d4 {[%cal Rd4e5]} Nb4 12. Qb1 $146 (12. Qd1 $1 $11 {remains equal.} Qc7 13. dxe5) ({Predecessor:} 12. Qd1 e4 {½-½ (27) Svidler,P (2753)-Muzychuk,A (2564) Jerusalem 2018}) 12... e4 $17 13. Ne5 Ne8 (13... Be6 $1 $17 {aiming for ...Qc7.} 14. Be2 Rac8) 14. a3 $15 f6 $36 {[%mdl 2048] Black has the initiative.} 15. Nc4 (15. h3 $1 $15) 15... dxc4 $19 16. Bxc4+ Nd5 17. Qxe4 {[#]} Be6 $1 18. a4 {White wants to play Ba3.} f5 19. Qf3 $2 (19. Qd3 {was necessary.}) 19... Qb4+ 20. Ke2 {[#]} Nf4+ $1 {[%mdl 512]} 21. Qxf4 (21. exf4 Bxc4+) 21... Bxc4+ 22. bxc4 Qxb2+ 23. Kf3 Nf6 {White must now prevent ...Ne4.} 24. Rab1 (24. g3 $142) 24... Qc2 {Threatens to win with ...Ne4.} 25. Rxb7 $2 (25. Rhc1 Qxa4 26. g3) 25... Ne4 {[%csl Ge4][%cal Rc2f2] Black is clearly winning.} 26. Qh4 Qxc4 (26... h6 $142 27. Rbb1 g5) 27. Qe7 {[%csl Gb7][%cal Re7g7] [#]} Ng5+ $1 {[%mdl 512] Accuracy: White = 16%, Black = 69%.} 0-1

[Event "Budapest Spring Festival 2019"]
[Site "Budapest"]
[Date "2019.04.17"]
[Round "9.38"]
[White "Parkhov, Yair"]
[Black "Starcevic, Ante Leon"]
[Result "1/2-1/2"]
[WhiteElo "2352"]
[BlackElo "2199"]
[Annotator "TA"]
[PlyCount "134"]
[EventDate "2019.04.09"]
[EventType "swiss"]
[EventCountry "HUN"]
[SourceTitle "playchess.com"]
[Source "ChessBase"]
[SourceQuality "1"]

{[%evp 12,134,41,35,47,38,62,58,46,54,75,60,80,52,52,0,0,0,0,0,0,0,0,-15,-14,-15,-15,-15,-15,-37,0,0,32,0,-20,0,0,0,0,0,0,-20,0,0,0,0,0,0,25,13,44,0,53,45,54,51,43,8,17,27,21,26,71,20,20,16,27,8,15,8,10,8,11,8,9,0,0,0,0,-26,0,0,0,0,0,0,0,0,0,0,0,0,0,0,0,0,8,8,15,15,15,15,29963,29959,29956,8,8,8,8,59,59,8,8,8,8,18,59,59,59,59,59,59,59,59,59]} 1. c4 Nf6 2. Nc3 d5 3. cxd5 Nxd5 4. g3 g6 5. Bg2 Nxc3 6. bxc3 Bg7 7. h4 c5 {A16: English Opening: 1...Nf6 with ...d5} (7... h5 8. Rb1 O-O 9. Nh3 Nc6 10. Ng5 Ne5 11. O-O c6 12. d4 Nc4 13. Qb3 Na5 14. Qc2 b6 15. Rd1 {1-0 (29) Duda,J (2724)-Li,C (2732) Liaocheng 2018}) 8. Rb1 Qc7 9. Qa4+ $146 ({Predecessor:} 9. h5 Nc6 10. Qb3 b6 11. Nh3 Bb7 12. Nf4 e6 13. hxg6 hxg6 14. Rxh8+ Bxh8 15. Bh3 {½-½ (45) Roussel Roozmon,T (2434)-Masse,H (2134) Montreal 2004}) 9... Nc6 10. Rb5 Bd7 11. Rxc5 Rc8 12. Nh3 a6 13. Qf4 (13. Qe4 $14) 13... e5 $11 14. Qe3 b6 $36 {[%mdl 2048] Black fights for an advantage.} 15. Rc4 b5 16. Rc5 Bf8 $1 17. Rxc6 {[%mdl 64] [#] Remove Defender} Bxc6 18. Bxc6+ Qxc6 19. Qxe5+ {[%mdl 64] Double Attack} Kd7 20. O-O Be7 (20... f6 $5 {[%cal Rf6e5]} 21. Qd4+ Kc7 $11) 21. Nf4 Bf6 (21... Rhd8 {keeps more tension.} 22. e4 Bf6 23. Qd5+ Qxd5 24. Nxd5 Ke6) 22. Qd5+ (22. Qe3 $14) 22... Qxd5 23. Nxd5 Ke6 24. Nxf6 Kxf6 {[%mdl 4096] Endgame KRR-KRB} 25. d3 Rhe8 26. Re1 Ke6 27. Bd2 Kd5 28. a3 f5 29. f3 Re7 30. Kf2 Rec7 31. Rc1 h5 (31... Kc6 $11) 32. e3 Ke6 33. Ke2 Rd7 34. Be1 Rcd8 35. Rd1 Rd6 36. e4 R6d7 37. Bf2 ({White should play} 37. d4 $16) 37... Rc8 38. Bd4 Rdc7 39. Kd2 Rg8 40. Be3 Rgc8 41. Rc1 Rc6 42. Bd4 Rg8 43. Re1 fxe4 44. Rxe4+ Kd7 45. g4 Re6 46. Ke3 hxg4 47. fxg4 Rxe4+ 48. dxe4 {KR-KB} Rf8 49. h5 gxh5 50. gxh5 {h6 is the strong threat.} Rf1 {Hoping for ...Rh1.} 51. h6 Rh1 {Threatens to win with ...Rh3+.} 52. Bg7 Rh4 53. Kf3 Kc6 54. Kg3 Rxe4 55. h7 Re8 56. Kf4 Rd8 $2 {[%mdl 8192]} (56... a5 $11) 57. Ke3 Kc5 {[#]} 58. h8=Q $2 (58. Bf6 $1 {mates} Re8+ 59. Kd3 Kd5 60. h8=Q Rxh8 61. Bxh8 Kd6 62. Bd4 Kd5 63. Bf2) 58... Rxh8 59. Bxh8 {KB-KPP} Kc4 60. Be5 ({White should try} 60. Kd2 $11 a5 61. Be5) 60... a5 $1 $14 {[%cal Ba6a5,Ba5b4][%mdl 32]} 61. Bc7 (61. Kd2 $14 b4 62. Kc2) 61... b4 $1 $11 {[%cal Rb4a3]} 62. cxb4 axb4 {KB-KP} 63. a4 {[%cal Ba3a4,Ba4a5][%mdl 32] And now Bd8 would win.} b3 {White must now prevent ...b2.} 64. Kd2 $1 {White is slightly better.} b2 65. Kc2 Kb4 66. a5 {White wants to mate with a6.} Kb5 67. Kxb2 Ka6 {Accuracy: White = 56%, Black = 55%.} 1/2-1/2

[Event "Budapest Spring Festival 2019"]
[Site "Budapest"]
[Date "2019.04.17"]
[Round "9.39"]
[White "Mehar, Chinna Reddy C.H."]
[Black "Gombocz, Ferenc Jr."]
[Result "1-0"]
[WhiteElo "2348"]
[BlackElo "2183"]
[Annotator "NA"]
[PlyCount "147"]
[EventDate "2019.04.09"]
[EventType "swiss"]
[EventCountry "HUN"]
[SourceTitle "playchess.com"]
[Source "ChessBase"]
[SourceQuality "1"]
[TimeControl "40/5400+30:1800+30"]

1. d4 {[%emt 0:03:09]} d5 {[%emt 0:00:05]} 2. Bf4 {[%emt 0:00:15]} Nf6 {[%emt 0:00:23]} 3. e3 {[%emt 0:00:05]} c5 {[%emt 0:00:13]} 4. c3 {[%emt 0:00:06]} Nc6 {[%emt 0:00:05]} 5. Nd2 {[%emt 0:00:06]} Bf5 {[%emt 0:01:06]} (5... Qb6 6. Qb3 Nh5 7. Qxb6 axb6 8. Bc7 cxd4 9. exd4 e5 10. Bxe5 Nxe5 11. dxe5 Bc5 12. g3 O-O {1-0 (76) Aronian,L (2765)-Caruana,F (2832) London 2018}) 6. Qb3 {[%emt 0:00:07] D00: 1 d4 d5: Unusual lines} Qd7 {[%emt 0:01:36]} 7. Ngf3 {[%emt 0:00:06]} c4 {[%emt 0:00:27]} 8. Qd1 {[%emt 0:00:06]} e6 {[%emt 0:05:50]} 9. Be2 {[%emt 0:00:09]} Bd6 {[%emt 0:01:05]} 10. b3 $146 {[%emt 0:11:15]} ({Predecessor:} 10. Bxd6 Qxd6 11. b3 b5 12. O-O O-O {½-½ (12) Kosic,D (2465)-Saric,A (2535) Biograd na Moru 2018}) 10... Bxf4 {[%emt 0:02:22]} 11. exf4 {[%emt 0:00:08]} b5 {[%emt 0:00:24]} 12. a4 {[%emt 0:29:44]} b4 {[%emt 0:04:23]} 13. Ne5 {[%emt 0:00:21]} Nxe5 {[%emt 0:07:41]} (13... Qb7 $15 14. Qc1 bxc3 15. Qxc3 Qb4) 14. fxe5 {[%emt 0:00:05]} bxc3 {[%emt 0:01:30]} 15. exf6 {[%emt 0:00:34]} cxd2+ {[%emt 0:00:08]} 16. Qxd2 {[%emt 0:00:03]} gxf6 {[%emt 0:01:17]} 17. bxc4 {[%emt 0:03:15]} dxc4 {[%emt 0:00:57]} 18. Bxc4 {[%emt 0:01:58]} Ke7 {[%emt 0:02:55]} 19. O-O {[%emt 0:00:34]} Rhd8 {[%emt 0:04:54]} 20. Rfd1 {[%emt 0:00:48]} (20. d5 $5) 20... Rac8 {[%emt 0:01:42]} 21. Bb5 {[%emt 0:01:24]} Qd6 {[%emt 0:00:09]} 22. Rac1 {[%emt 0:01:11]} Qxd4 {[%emt 0:15:39]} 23. Rxc8 {[%emt 0:00:18]} Qxd2 {[%emt 0:00:07]} 24. Rxd2 {[%emt 0:00:08]} Rxc8 {[%emt 0:00:07]} 25. Rd7+ {[%emt 0:00:03]} Kf8 {[%emt 0:00:09]} 26. f3 {[%emt 0:01:59]} Ra8 {[%emt 0:02:49]} 27. Rc7 {[%emt 0:03:30]} a6 {[%emt 0:12:36]} 28. Be2 {[%emt 0:02:52]} Ke8 {[%emt 0:15:58]} 29. a5 {[%emt 0:02:17]} e5 {[%emt 0:03:15]} 30. Bc4 {[%emt 0:02:47]} Rc8 {[%emt 0:01:04]} 31. Bxf7+ {[%emt 0:00:52]} Kf8 {[%emt 0:00:04]} 32. Ra7 {[%emt 0:01:25]} Rc5 {[%emt 0:02:27]} 33. Bb3 {[%emt 0:01:03]} Rxa5 {[%emt 0:00:34]} 34. Rf7+ {[%emt 0:00:14]} Ke8 {[%emt 0:00:04]} 35. Rxf6 {[%emt 0:00:04]} Bd7 {[%emt 0:00:45]} 36. Bc4 {[%emt 0:05:15]} (36. h4 $16) 36... Ra1+ {[%emt 0:00:36]} 37. Kf2 {[%emt 0:00:07]} a5 {[%emt 0:00:03]} 38. Rh6 {[%emt 0:02:27]} Rc1 {[%emt 0:02:53]} 39. Be6 {[%emt 0:03:03]} Bb5 {[%emt 0:01:38]} 40. Rh5 {[%emt 0:00:00]} Rc2+ {[%emt 0:00:00]} 41. Kg3 {[%emt 0:04:06]} Bf1 {[%emt 0:01:58]} 42. Rxe5 {[%emt 0:00:05]} Rxg2+ {[%emt 0:00:19]} 43. Kf4 {[%emt 0:00:07]} Kf8 {[%emt 0:00:29]} 44. Bh3 {[%emt 0:01:39]} Rf2 {[%emt 0:00:04]} 45. Kg3 {[%emt 0:00:42]} Rxf3+ {[%emt 0:00:49]} 46. Kxf3 {[%emt 0:00:06]} Bxh3 {[%emt 0:00:05]} 47. Rxa5 {[%emt 0:04:04]} Kg7 {[%emt 0:01:44]} 48. Kf4 {[%emt 0:00:10]} Bf1 {[%emt 0:03:01]} 49. Rg5+ {[%emt 0:02:32]} Kf6 {[%emt 0:01:45]} 50. Rd5 {[%emt 0:00:21]} Kg6 {[%emt 0:01:15]} 51. Rd6+ {[%emt 0:01:26]} Kh5 {[%emt 0:01:42]} 52. Kg3 {[%emt 0:00:27]} Bc4 {[%emt 0:01:39]} 53. Rc6 {[%emt 0:00:26]} Bd3 {[%emt 0:09:24]} 54. Rc3 {[%emt 0:00:59]} Be2 {[%emt 0:00:31]} 55. Rc5+ {[%emt 0:03:21]} Kg6 {[%emt 0:00:45]} 56. Kh4 {[%emt 0:00:03]} Bd3 $18 {[%emt 0:01:28]} 57. Rc6+ {[%emt 0:00:21]} Kf7 {[%emt 0:00:18]} 58. Kg5 {[%emt 0:00:14]} Be4 {[%emt 0:00:43]} 59. Rf6+ {[%emt 0:01:19]} Ke7 {[%emt 0:00:39]} 60. Rf4 {[%emt 0:00:32]} Bd3 {[%emt 0:00:07]} 61. Rf3 {[%emt 0:01:30]} Bc2 {[%emt 0:00:34]} 62. h4 {[%emt 0:00:13]} Bb1 {[%emt 0:00:08]} 63. Kh6 {[%emt 0:01:38]} Bc2 {[%emt 0:02:16]} 64. Kg7 {[%emt 0:01:25]} Bb1 {[%emt 0:01:24]} 65. Rf1 {[%emt 0:00:23]} Bc2 {[%emt 0:00:31]} 66. h5 {[%emt 0:00:29]} Ke6 {[%emt 0:00:56]} 67. Rc1 {[%emt 0:01:36]} Bf5 {[%emt 0:01:01]} 68. Re1+ {[%emt 0:00:16]} Kd7 {[%emt 0:00:43]} 69. Kf6 {[%emt 0:00:12]} Bc2 {[%emt 0:01:31]} 70. Rc1 {[%emt 0:00:05]} Be4 {[%emt 0:02:42]} 71. Rd1+ {[%emt 0:00:11]} Kc6 {[%emt 0:03:02]} 72. Ke5 {[%emt 0:01:37]} Bf3 {[%emt 0:01:00]} 73. Rd6+ {[%emt 0:00:16]} Kc7 {[%emt 0:00:22]} 74. Rh6 {[%emt 0:00:15]} 1-0

[Event "Budapest Spring Festival 2019"]
[Site "Budapest"]
[Date "2019.04.17"]
[Round "9.40"]
[White "Pasztor, Balazs"]
[Black "Krstulovic, Alex"]
[Result "0-1"]
[WhiteElo "2139"]
[BlackElo "2345"]
[Annotator "TA"]
[PlyCount "74"]
[EventDate "2019.04.09"]
[EventType "swiss"]
[EventCountry "HUN"]
[SourceTitle "playchess.com"]
[Source "ChessBase"]
[SourceQuality "1"]

{[%evp 17,74,18,23,-2,-4,-180,-177,-179,-181,-166,-169,-202,-167,-172,-172,-172,-163,-166,-144,-174,-164,-191,-168,-188,-184,-191,-176,-193,-178,-194,-208,-224,-242,-238,-218,-295,-300,-361,-358,-415,-414,-417,-416,-406,-412,-412,-411,-395,-351,-555,-453,-424,-415,-506,-361,-354,-354,-358,-353]} 1. e4 e5 2. Nf3 Nc6 3. Bc4 Bc5 4. c3 Nf6 5. d3 d6 6. Bb3 a6 7. h3 Ba7 8. O-O h6 9. Nbd2 O-O 10. Qe2 {C54: Giuoco Piano: 4 c3 Nf6, main lines with 5 d4 and 5 d3} (10. Re1 Re8 11. Nh2 Be6 12. Qf3 Bxb3 13. axb3 Qd7 14. Ndf1 Qe6 15. b4 Ne7 16. Ng3 c6 17. Ng4 Nxg4 18. Qxg4 Qxg4 19. hxg4 {½-½ (31) Karjakin,S (2753)-Anand,V (2773) Kolkata 2018}) 10... Nh5 {Black wants to play ...Ng3.} 11. Nc4 $146 (11. Qd1 $11 {and White has nothing to worry.}) ({Predecessor:} 11. Nxe5 Nf4 12. Bxf7+ Rxf7 {0-1 (12) Otero Otero,G (1198)-Rincon Gonzalez,R (1703) Merida 2013}) 11... Ng3 $1 $19 {[%cal Rg3e2][%mdl 64] [#] Double Attack} 12. Qd1 {With the idea Re1.Black is clearly better.} Nxf1 13. Qxf1 Be6 14. Be3 Bxe3 15. Nxe3 Bxb3 16. axb3 Re8 17. Qe2 Rc8 18. g3 Qd7 19. h4 Qe6 20. b4 Ne7 21. h5 d5 22. Ra5 {[%cal Re4d5]} c6 23. Nh4 Rcd8 24. Qf3 dxe4 25. Qxe4 Nd5 26. Nef5 Nf6 27. Qe3 Nxh5 28. d4 exd4 29. Qxe6 Rxe6 ({Resist} 29... fxe6 30. Nxd4 e5 31. Ndf3 $19) 30. Nxd4 Re1+ 31. Kg2 g6 32. Nhf3 Re7 33. c4 (33. Ne5 {was called for.} Ree8 34. Nc4) 33... Ng7 34. b5 axb5 35. cxb5 cxb5 36. Rxb5 Red7 37. Nb3 Ne6 {Accuracy: White = 28%, Black = 74%.} 0-1